| 000 | 00830nam a2200205Ii 4500 | ||
|---|---|---|---|
| 003 | JO-AjNU | ||
| 008 | 230605s9999||||xx |||||||||||||| ||und|| | ||
| 017 | _a2004/2/257 | ||
| 040 |
_aJO-AjNU _bara _erda _cJO-AjNU |
||
| 041 | _aara | ||
| 050 | 1 | 4 | _aHF5548.32 .Y2782.2009 |
| 100 | 3 |
_aياسين،سعد غالب/م مشارك:بشير عباس العلاق, _eauthor _929634 |
|
| 245 | 0 | 0 | _aالتجارة الالكترونية=e-Commerce |
| 264 | 3 | 1 | _aعمان: دار المناهج للنشر والتوزيع؛2009 |
| 300 |
_a320ص _bيحتوي على ملاحق من ص 313-315ص،يحتوي على ببلوغرافية من ص317-320ص |
||
| 336 |
_atext _btxt _2rdacontent |
||
| 337 |
_aunmediated _bn _2rdamedia |
||
| 338 |
_avolume _bnc _2rdacarrier |
||
| 650 | 4 |
_aالتجارة الدولية-الحواسيب _929635 |
|
| 999 |
_aA11649 _c15217 _d15217 |
||